000 00908nas a2200313 4500
001 BR0802899
003 BR-BrBNA
005 20231205112114.0
007 ta
008 230509b bl.|||p| |||| 00| 00por d
040 _aBR-BrBNA
_bpor
_cBiblioteca Nacional de Agricultura
041 _a(Pt)
072 _aL72; L74
100 1 _aFurtado, R.F.
100 1 _aLima, M.G.A. de
100 1 _aAndrade Neto, M.
100 1 _aBezerra, J.N.S.
100 1 _aSilva, M.G. de V.
245 1 _aAtividade larvicida de óleos essenciais contra Aedes aegypti L. (Diptera: Culicidae)
650 _aINASETO
650 _aMOSQUITO
650 _aAEDES AEGYPTI
650 _aDENGUE
650 _aÓLEO
650 _aLARVICIDA
773 0 _tNeotropical Entomology (Brazil)
_xISSN 1519-566X
_g(Sep-Oct 2005), v. 34(5) p. 843-847
_wBR0802899
909 _a202311
_bLúcia
_c55
_dLúcia Elande
942 _2AGRIS
_n0
_cANA
999 _c196121
_d196121